| 000 | 00595 a2200181 4500 | ||
|---|---|---|---|
| 001 | 068442 | ||
| 003 | OSt | ||
| 005 | 20220217143054.0 | ||
| 008 | |||
| 082 |
_a004 _bC73C |
||
| 100 | 1 | _aLee, Roger | |
| 245 | 1 |
_aComputer and information science _cby Roger Lee and Haeng-Kon Kim |
|
| 260 |
_aNew York _bSpringer _c2008 |
||
| 300 | _a284p. | ||
| 690 | _aComputer science; Information science; Artificial intelligence; Engineering; Engineering; Engineering mathematics; Management information systems; Computers | ||
| 700 | _aKim, Haeng-Kon | ||
| 942 |
_2ddc _cBK |
||
| 999 |
_c2104 _d2104 |
||